Statistiken für Rentner Gang Allgemeinwissen #2

Klicken Sie hier um das Quiz zu spielen!

Allgemein

  • Dieses Quiz wurde 21 mal gespielt
  • Das Durchschnittsergebnis liegt bei 15 aus 26

Antwortstatistiken

FrageAntwort% Korrekt
Auf welchem Server wurden die meisten Strikes verteilt?AnalAnus
75%
Welcher war der schwerwiegendste Terrorangriff?Anschläge auf die Autistenbucht
75%
Aus welchem Grund musste der originale Server neu installiert werden?Bo rastete aus und tötete Gor im Creative Mode
75%
Wie sah das Hauptgebäude dieses Gerichtshofs aus?Form eines Hamburgers
75%
Wie hieß der ehemalige Oberste Gerichtshof der Rentner Gang?gBAAG
75%
Für welchen Preis verkauften Bo und Gor das Haus des Gregor K?je 32 Fireworks
75%
Was verweigerte Kilian nach dem Stuhlkrieg?je 3 Stacks Fireworks zu zahlen
75%
Wie lautet der Rekord für die meisten Disqualifikationen in der Battle Royale Arena?Kilian - 3 Mal
75%
Für wen war der Stuhl, auf den sich Gregor K fälschlicherweise setzte, ursprünglich gedacht?Kilians imaginärer Freund
75%
Welche Religionen waren auf AnalAnus vertreten?Krakbaktum - Goofytum - Christentum
75%
Was war kein wesentlicher Schrit in richtung Stuhlkrieg?Meinungsverschiedenheiten im Bau der Tradinghall
75%
In welchen Versionen wurde gespielt?1.19.4 - 1.20
50%
Was bezahlte Kilian für das Mjam-Logo?2 Netherite Ingots
50%
Wie viele Skeleton Traps gab es auf AnalAnus?5+
50%
Welche Stadt existierte tatsächlich auf AnalAnus?Afterbraun
50%
Welches Biom lag am Spawn des Servers?Birch Forest
50%
Welches Gebäude gab es nie im Bonau-Park?Boutique für Übergrößen
50%
Aus welchem Grund bekam Fikolas seinen einzigen Strike?Diebstahl
50%
Aus welchem Grund wurde Kilian entbannt?Eine Wirtschaftskrise ist ausgebrochen
50%
Wer erhielt auf Analanus keinen einzigen Strike?Gor und Borian Bö
50%
Was war einmal ein Zitat der Woche?Sei nicht zu fett zum Angurten - Sondern zu faul!
50%
Welches prägendes Ereignis fand im Stuhlkrieg statt?Zerstörung des Vietnamesen-Baums
50%
Welches Projekt scheiterte nicht?Full Beacon
25%
Was waren Gors Baupläne nach dem großen Umzug?indigene "Stadt" bauen
25%
Wann startete AnalAnus?März 2023
25%
Welcher Server war der Vorgänger von AnalAnus?SchweineschwarteSMP
25%

Verteilung der Resultate

Perzentil nach korrekt beantworteten Fragen

Anzahl Personen mit jedem Resultat

Ihre Resultats-Entwicklung

Sie haben dieses Quiz noch nicht gespielt